书目信息 |
| 题名: |
微型计算机控制技术(第2版)
|
|
| 作者: | 谢剑英 编著 | |
| 分册: | ||
| 出版信息: | 北京 国防工业出版社 1991.04 |
|
| 页数: | 385页 | |
| 开本: | 16开 | |
| 丛书名: | ||
| 单 册: | ||
| 中图分类: | TP36 | |
| 科图分类: | ||
| 主题词: | 微型计算机 | |
| 电子资源: | ||
| ISBN: | 7-118-00795-1 | |
| 000 | 00574nam0 2200193 45 | |
| 001 | 0005230978 | |
| 005 | 20000523095029.5 | |
| 010 | @a7-118-00795-1@dRMB 19.00 | |
| 100 | @a20000523d1991 km y0chiy0120 ea | |
| 101 | @achi | |
| 200 | 1 | @a微型计算机控制技术(第2版)@AWei Xing Ji Suan Ji Kong Zhi Ji Shu(Di 2 Ban)@f谢剑英编著@FXie Jian YingBian Zhu |
| 205 | @a再版 | |
| 210 | @a北京@c国防工业出版社@d1991.04 | |
| 215 | @a385页@d16开 | |
| 606 | 0 | @a微型计算机 |
| 690 | @aTP36@v3 | |
| 701 | @a谢剑英@4编著 | |
| 801 | @aCN@bPftUser@c20000523 | |
| 905 | @f2@b56278-279@dTP36@eX915 | |
| 微型计算机控制技术(第2版)/谢剑英编著.-再版.-北京:国防工业出版社,1991.04 |
| 385页;16开 |
| ISBN 7-118-00795-1:RMB 19.00 |
| ● |
| 相关链接 |
|
|
|
正题名:微型计算机控制技术(第2版)
索取号:TP36/X915
 
预约/预借
| 序号 | 登录号 | 条形码 | 馆藏地/架位号 | 状态 | 备注 |
| 1 | 359691 | 203596910 | 自科库301/ [索取号:TP36/X915] | 在馆 | |
| 2 | 359692 | 203596929 | 自科库301/301自科库 92排2列5层/ [索取号:TP36/X915] | 在馆 | |
| 3 | 359693 | 203596938 | 自科库301/301自科库 92排2列5层/ [索取号:TP36/X915] | 在馆 | |
| 4 | 56278 | 200562783 | 期刊室512/301自科库 56排2列2层/ [索取号:TP36/X915] | 在馆 | |
| 5 | 56279 | 200562792 | 期刊室512/301自科库 56排2列2层/ [索取号:TP36/X915] | 在馆 |